000 00303nam a22000977a 4500
008 150618b xxu||||| |||| 00| 0 eng d
010 _8HCCRSF: 004
245 _aHIGH COURT CRIMINAL SESSION No.559 of 1969 Uganda Vs Simon Okeny
260 _aHigh Court Kampala
500 _3Before: Hon. Mr. Justice W.H. Goudie
999 _c6429
_d6429